<?xml version="1.0" encoding="UTF-8"?>
<marc:record xmlns:marc="http://www.loc.gov/MARC21/slim">
   <marc:leader>00000nam a2200000 a 4500</marc:leader>
   <marc:datafield ind1="1" ind2=" " tag="100">
      <marc:subfield code="a">Antoniadis, Nikolai</marc:subfield>
      <marc:subfield code="4">aut</marc:subfield>
      <marc:subfield code="e">Verfasser/-in</marc:subfield>
   </marc:datafield>
   <marc:datafield ind1="1" ind2=" " tag="100">
      <marc:subfield code="a">Gülck, Nele</marc:subfield>
      <marc:subfield code="4">pht</marc:subfield>
      <marc:subfield code="e">Fotograf/-in</marc:subfield>
   </marc:datafield>
   <marc:datafield ind1="1" ind2=" " tag="100">
      <marc:subfield code="a">Gauß, Karl-Markus</marc:subfield>
      <marc:subfield code="4">aui</marc:subfield>
      <marc:subfield code="e">Author of introduction, etc.</marc:subfield>
   </marc:datafield>
   <marc:datafield ind1=" " ind2=" " tag="653">
      <marc:subfield code="a">Landeskunde</marc:subfield>
   </marc:datafield>
   <marc:datafield ind1=" " ind2=" " tag="653">
      <marc:subfield code="a">Albanien</marc:subfield>
   </marc:datafield>
   <marc:datafield ind1=" " ind2=" " tag="653">
      <marc:subfield code="a">Bulgarien</marc:subfield>
   </marc:datafield>
   <marc:datafield ind1=" " ind2=" " tag="653">
      <marc:subfield code="a">Durrës</marc:subfield>
   </marc:datafield>
   <marc:datafield ind1=" " ind2=" " tag="653">
      <marc:subfield code="a">Griechenland</marc:subfield>
   </marc:datafield>
   <marc:datafield ind1=" " ind2=" " tag="653">
      <marc:subfield code="a">Hauptschlagader</marc:subfield>
   </marc:datafield>
   <marc:datafield ind1=" " ind2=" " tag="653">
      <marc:subfield code="a">Istanbul</marc:subfield>
   </marc:datafield>
   <marc:datafield ind1=" " ind2=" " tag="653">
      <marc:subfield code="a">Konstantinopel</marc:subfield>
   </marc:datafield>
   <marc:datafield ind1=" " ind2=" " tag="653">
      <marc:subfield code="a">Mazedonien</marc:subfield>
   </marc:datafield>
   <marc:datafield ind1=" " ind2=" " tag="653">
      <marc:subfield code="a">Raki</marc:subfield>
   </marc:datafield>
   <marc:datafield ind1=" " ind2=" " tag="653">
      <marc:subfield code="a">Südosteuropa</marc:subfield>
   </marc:datafield>
   <marc:datafield ind1=" " ind2=" " tag="653">
      <marc:subfield code="a">Türkei</marc:subfield>
   </marc:datafield>
   <marc:datafield ind1=" " ind2=" " tag="653">
      <marc:subfield code="a">Via Egnatia</marc:subfield>
   </marc:datafield>
   <marc:datafield ind1=" " ind2=" " tag="653">
      <marc:subfield code="a">Softcover / Belletristik/Erzählende Literatur</marc:subfield>
   </marc:datafield>
   <marc:datafield ind1=" " ind2=" " tag="653">
      <marc:subfield code="a">Aufsatzsammlung</marc:subfield>
   </marc:datafield>
   <marc:datafield ind1="0" ind2="0" tag="245">
      <marc:subfield code="a">Das helle Herz des Balkans</marc:subfield>
   </marc:datafield>
   <marc:datafield ind1="0" ind2="0" tag="245">
      <marc:subfield code="b">Geschichten zwischen Adria und Istanbul</marc:subfield>
   </marc:datafield>
   <marc:datafield ind1="0" ind2="0" tag="245">
      <marc:subfield code="c">Nikolai Antoniadis und Nele Gülck : mit einem Geleitwort von Karl-Markus Gauß</marc:subfield>
   </marc:datafield>
   <marc:datafield ind1=" " ind2="1" tag="264">
      <marc:subfield code="a">Wiesbaden</marc:subfield>
      <marc:subfield code="b">Corso</marc:subfield>
   </marc:datafield>
   <marc:datafield ind1="1" ind2=" " tag="490">
      <marc:subfield code="a">Corso</marc:subfield>
      <marc:subfield code="v">51</marc:subfield>
   </marc:datafield>
   <marc:datafield ind1=" " ind2=" " tag="250">
      <marc:subfield code="a">1. Auflage Oktober 2016</marc:subfield>
   </marc:datafield>
   <marc:datafield ind1="1" ind2=" " tag="520">
      <marc:subfield code="a">Angaben aus der Verlagsmeldung

Das helle Herz des Balkan : Geschichten zwischen Adria und Istanbul. Mit einem Vorwort von Karl-Markus Gaus / von Nik Antoniadis

»Die Balkanroute ist geschlossen« – so ist er in aller Munde, der Balkan – doch wie wenig nur wissen wir von ihm: der oh, so dunkle Balkan liegt irgendwo am Rande Europas, behaftet mit Klischees zwischen Nosferatu und Nixtu. Es wurde Zeit für ein Buch, das Licht ins Dunkel unserer Unkenntnis bringt: »Das helle Herz des Balkans« zeigt die Vielfalt dieser Region und ihre Widersprüche, Schönheiten und Abgründe, erzählt von den Hoffnungen und Sehnsüchten der Menschen. Nik Antioniadis und Nele Gülck folgen dabei der antiken Römerstraße Via Egnatia, welche der direkte Weg zwischen Rom und Konstantinopel war, und den Balkan von der Adria bis zum Marmara-Meer, vom albanischen Dürres bis nach Istanbul quert. Diese Straße war eine kulturelle Hauptschlagader, die den Balkan als gemeinsamen Kulturkreis durchblutet, sie verbindet Albanien, Mazedonien, Griechenland, Bulgarien und die Türkei. Auf diesem Weg begegnen ihnen Menschen und Geschichten: Nik Antoniadis erzählt u. a. von rauchenden Destillen, bunten Ein-Mann-Bunkern, christlichen Kreuzen an muslimischen Wänden, abgelegenen Weingütern, der griechischen Kunst der Improvisation, überraschenden Bierkulturen, Stränden, Promenaden und Nippes-Läden, Heilquellen, Maximilian Schell und Melina Mercouri, von Mokka und Roma und vom Design in Istanbul. Der Balkan in seinen bunten Facetten: Geschichte, Tradition und Gegenwart einer ziemlich unbekannten Region, Berichte von einem manchmal doch recht schrägen, oft kargen Alltag von Menschen, die das Lachen trotzdem nicht verlernen.
</marc:subfield>
   </marc:datafield>
   <marc:datafield ind1=" " ind2=" " tag="020">
      <marc:subfield code="a">9783737407335</marc:subfield>
      <marc:subfield code="9">9783737407335</marc:subfield>
   </marc:datafield>
   <marc:datafield ind1=" " ind2=" " tag="020">
      <marc:subfield code="a">3737407339</marc:subfield>
      <marc:subfield code="9">3737407339</marc:subfield>
   </marc:datafield>
   <marc:datafield ind1=" " ind2=" " tag="041">
      <marc:subfield code="a">ger</marc:subfield>
   </marc:datafield>
   <marc:datafield ind1=" " ind2=" " tag="300">
      <marc:subfield code="a">160 Seiten</marc:subfield>
   </marc:datafield>
</marc:record>
